| 000 | 00675nam a2200253Ia 4500 | ||
|---|---|---|---|
| 008 | 160803s9999 xx 000 0 und d | ||
| 020 | _a9780590383974 | ||
| 100 | _aMarzollo, Jean | ||
| 245 | _aHockey hero / | ||
| 245 | _cby Jean Marzollo and Dan Marzollo ; illustrated by True Kelley. | ||
| 260 | _aNew York : | ||
| 260 | _bScholastic Inc. | ||
| 260 | _c1998 | ||
| 300 | _a1 volume (unpaged) : | ||
| 300 | _bcolor illustrations ; | ||
| 300 | _c23 cm. | ||
| 440 | _aHello reader! ; | ||
| 440 | _vLevel 3. | ||
| 500 | _a"Cartwheel books." | ||
| 650 | _aCooperativeness -- | ||
| 650 | _aHockey stories. | ||
| 650 | _xJuvenile fiction. | ||
| 700 | _a330 | ||
| 999 |
_c299213 _d299213 |
||